Vlagooborot kul´turnych rastenij /

Uložené v:
Podrobná bibliografia
Hlavný autor: Alpat´jev, Anatolij Michajlovič (Author)
Médium: Kniha
Jazyk:Russian
Vydané: Leningrad : Gidrometeoizdat, 1954.
Vydanie:1. izd.
ISBN: (viaz.)
Fyzický popis: 248 s.
Tagy: Pridať tag
Žiadne tagy, Buďte prvý kto otaguje tento záznam!

MARC

LEADER 00000nam a2200000 4500
001 000171840
005 20100902091945.0
008 930222s1954 ru e rus d
020 |a (viaz.)  |c Kčs 10,30 
040 |a SVKKK  |b slo  |c SVKKK  |e AACR2 
041 0 |a rus 
044 |a ru  |c RU 
100 1 |a Alpat´jev, Anatolij Michajlovič  |4 aut 
245 1 0 |a Vlagooborot kul´turnych rastenij /  |c Anatolij Michajlovič Alpat´jev. 
250 |a 1. izd. 
260 |a Leningrad :  |b Gidrometeoizdat,  |c 1954. 
300 |a 248 s. 
910 |a svkkk 
998 |a BK 
090 |g SCKHL  |k Sklad Pribinova 2. posch.  |a III.14795  |j 79671  |i 171840-10  |4 Zastaraná  |s Vyradená